[Event "European Team Championship 2015"]
[Site "Reykjavik ISL"]
[Date "2015.11.16"]
[Round "4"]
[White "Yilmaz, Mustafa"]
[Black "Radjabov, Teimour"]
[Result "0-1"]
[WhiteElo "2594"]
[BlackElo "2739"]
[PlyCount "88"]
[EventDate "2015.11.13"]
[WhiteTeam "Turkey"]
[BlackTeam "Azerbaijan"]

1. Nf3 Nf6 2. c4 c5 3. Nc3 d5 4. cxd5 Nxd5 5. d4 Nxc3 6. bxc3 g6 7. e4 Bg7 8.
Be3 Bg4 9. Rc1 O-O 10. Be2 Qa5 11. Qd2 Nd7 12. d5 c4 13. Bd4 Bxf3 14. gxf3 b5
15. Bxg7 Kxg7 16. h4 f6 17. f4 Nc5 18. Qe3 Rac8 19. h5 Qb6 20. Rb1 a6 21. Rd1
b4 22. Rg1 bxc3 23. hxg6 h6 24. e5 fxe5 25. fxe5 Rf5 26. Bg4 Rg5 27. Qxc3 Nd3+
28. Rxd3 cxd3 29. Qxc8 Qb1+ 30. Kd2 Qxg1 31. Qe6 Qxf2+ 32. Kxd3 Qg3+ 33. Kc2
Qf2+ 34. Kd3 Qf1+ 35. Kc3 Qc1+ 36. Kd3 Qa3+ 37. Ke4 Rxg6 38. Qd7 h5 39. Bxh5
Rg3 40. Kf5 Rg6 41. Ke4 Qb4+ 42. Kf3 Rg5 43. d6 Qc3+ 44. Kf2 Qg3+ 0-1

[Event "European Team Championship 2015"]
[Site "Reykjavik ISL"]
[Date "2015.11.16"]
[Round "4"]
[White "Naiditsch, Arkadij"]
[Black "Esen, Baris"]
[Result "1-0"]
[WhiteElo "2689"]
[BlackElo "2565"]
[PlyCount "55"]
[EventDate "2015.11.13"]
[WhiteTeam "Azerbaijan"]
[BlackTeam "Turkey"]

1. e4 c5 2. Nf3 d6 3. d4 cxd4 4. Nxd4 Nf6 5. Nc3 a6 6. g3 g6 7. Bg2 Bg7 8. O-O
O-O 9. h3 Nc6 10. Be3 Bd7 11. Nde2 Rc8 12. Nd5 Nxd5 13. exd5 Nb8 14. Nd4 a5 15.
Qd2 Re8 16. Rfe1 Na6 17. Re2 b5 18. Rae1 b4 19. Bg5 Qb6 20. c3 e5 21. dxe6 fxe6
22. Nxe6 bxc3 23. Qd5 Nb4 24. Nd8+ Nxd5 25. Rxe8+ Bf8 26. Bxd5+ Kg7 27. R1e7+
Bxe7 28. Rg8# 1-0

[Event "European Team Championship 2015"]
[Site "Reykjavik ISL"]
[Date "2015.11.16"]
[Round "4"]
[White "Adams, Michael"]
[Black "Aronian, Levon"]
[Result "1-0"]
[WhiteElo "2744"]
[BlackElo "2781"]
[PlyCount "83"]
[EventDate "2015.11.13"]
[WhiteTeam "England"]
[BlackTeam "Armenia"]

1. e4 e5 2. Nf3 Nc6 3. Bb5 Nf6 4. O-O Nxe4 5. d4 Nd6 6. Bxc6 dxc6 7. dxe5 Nf5
8. Qxd8+ Kxd8 9. h3 Ke8 10. Nc3 h5 11. Ne2 Be7 12. Bg5 Be6 13. Nf4 Bd5 14. Nxd5
cxd5 15. Rad1 c6 16. Rfe1 h4 17. Rd3 Rh5 18. Bxe7 Kxe7 19. Red1 Rd8 20. c4 d4
21. b4 b6 22. Kf1 c5 23. bxc5 bxc5 24. Ra3 Rd7 25. Ne1 Rh6 26. Nd3 Rc6 27. Rb1
Rdc7 28. Nf4 Rd7 29. Rb8 g5 30. Nd5+ Ke6 31. Re8+ Ne7 32. Ke2 Rb6 33. Kd3 Rb2
34. Ra6+ Rb6 35. Nxb6 axb6 36. Rxb6+ Kxe5 37. Rc6 Kf5 38. Rxc5+ Kf6 39. Rb8 Ng6
40. Rb6+ Ke7 41. Rxg5 Nf4+ 42. Ke4 1-0

[Event "European Team Championship 2015"]
[Site "Reykjavik ISL"]
[Date "2015.11.16"]
[Round "4"]
[White "Hansen, Sune Berg"]
[Black "Carlsen, Magnus"]
[Result "1/2-1/2"]
[WhiteElo "2566"]
[BlackElo "2850"]
[PlyCount "85"]
[EventDate "2015.11.13"]
[WhiteTeam "Denmark"]
[BlackTeam "Norway"]

1. d4 Nf6 2. c4 e6 3. Nf3 d5 4. g3 Bb4+ 5. Bd2 Bd6 6. Bg2 c6 7. O-O Nbd7 8. Nc3
dxc4 9. Bg5 O-O 10. Qc2 b5 11. a4 Qb6 12. e4 b4 13. a5 Qc7 14. e5 bxc3 15. exd6
Qxd6 16. bxc3 Ba6 17. Rfe1 Nd5 18. Bc1 Rfb8 19. Ba3 Qc7 20. Ng5 N7f6 21. Bh3
Bc8 22. Bf1 Rb3 23. Bxc4 Rxc3 24. Qe2 Rb8 25. Nf3 Nb4 26. Rec1 Rxc1+ 27. Bxc1
Nbd5 28. Qc2 c5 29. Bf1 cxd4 30. Qxc7 Nxc7 31. Nxd4 Ba6 32. Nc6 Rb7 33. Bg2
Ncd5 34. Ba3 Rc7 35. Rc1 Bb5 36. Bxd5 Nxd5 37. Nxa7 Rxc1+ 38. Bxc1 Bd7 39. Kf1
Kf8 40. Ke2 Ke8 41. Kd3 Nb4+ 42. Kc4 Nc6 43. Nxc6 1/2-1/2

[Event "European Team Championship 2015"]
[Site "Reykjavik ISL"]
[Date "2015.11.16"]
[Round "4"]
[White "Papaioannou, Ioannis"]
[Black "Giri, Anish"]
[Result "1/2-1/2"]
[WhiteElo "2638"]
[BlackElo "2778"]
[PlyCount "80"]
[EventDate "2015.11.13"]
[WhiteTeam "Greece"]
[BlackTeam "Netherlands"]

1. d4 Nf6 2. c4 g6 3. Nc3 d5 4. e3 Bg7 5. cxd5 Nxd5 6. Qb3 Nb6 7. Nf3 O-O 8.
Be2 Be6 9. Qc2 Bf5 10. Qb3 Be6 11. Qc2 Bf5 12. Qb3 N8d7 13. e4 Be6 14. d5 Bg4
15. O-O c6 16. dxc6 bxc6 17. Qc2 Qc7 18. Bg5 Nc5 19. Be3 Bxf3 20. Bxc5 Qe5 21.
Bxe7 Qxe7 22. Bxf3 Rad8 23. Rad1 h5 24. Ne2 Nd7 25. Nc1 Nc5 26. Nb3 Nxb3 27.
axb3 Qf6 28. Rxd8 Rxd8 29. Rd1 Rxd1+ 30. Bxd1 Qxb2 31. Qxb2 Bxb2 32. Be2 Bd4
33. Bc4 Kg7 34. Kf1 a5 35. Ke2 g5 36. f3 h4 37. h3 Be5 38. Kd3 Kf8 39. Kc2 Ke7
40. Kd3 f6 1/2-1/2

[Event "European Team Championship 2015"]
[Site "Reykjavik ISL"]
[Date "2015.11.16"]
[Round "4"]
[White "Wojtaszek, Radoslaw"]
[Black "Leko, Peter"]
[Result "1/2-1/2"]
[WhiteElo "2748"]
[BlackElo "2708"]
[PlyCount "73"]
[EventDate "2015.11.13"]
[WhiteTeam "Poland"]
[BlackTeam "Hungrary"]

1. d4 Nf6 2. c4 e6 3. Nf3 b6 4. g3 Ba6 5. Qc2 c5 6. d5 exd5 7. cxd5 Bb7 8. Bg2
Nxd5 9. O-O Nc6 10. Rd1 Be7 11. Qa4 Nf6 12. Nh4 O-O 13. Nf5 d5 14. Nc3 Nd4 15.
Nxd4 cxd4 16. Rxd4 Bc5 17. Rd3 Qe8 18. Qh4 Ba6 19. Rd1 d4 20. Bxa8 dxc3 21. Bf3
Bxe2 22. Re1 Bxf3 23. Rxe8 Rxe8 24. Be3 cxb2 25. Rb1 Ba3 26. Qa4 Be4 27. Qxa3
Bxb1 28. Qxb2 Be4 29. Bd4 Bd5 30. f3 Bxf3 31. Bxf6 gxf6 32. Qxf6 Be4 33. Qg5+
Kf8 34. Qh6+ Kg8 35. Qg5+ Kf8 36. Qh6+ Kg8 37. Qg5+ 1/2-1/2

[Event "European Team Championship 2015"]
[Site "Reykjavik ISL"]
[Date "2015.11.17"]
[Round "5"]
[White "Svidler, Peter"]
[Black "Mamedyarov, Shakhriyar"]
[Result "1/2-1/2"]
[WhiteElo "2745"]
[BlackElo "2743"]
[PlyCount "63"]
[EventDate "2015.11.13"]
[WhiteTeam "Russia"]
[BlackTeam "Azerbaijan"]

1. e4 e5 2. Nf3 Nc6 3. Bb5 a6 4. Ba4 Nf6 5. O-O Nxe4 6. d4 b5 7. Bb3 d5 8. dxe5
Be6 9. Nbd2 Nc5 10. c3 Be7 11. Bc2 d4 12. Nb3 d3 13. Bb1 Nxb3 14. axb3 Bf5 15.
Re1 O-O 16. h3 Qd7 17. b4 Rfd8 18. Bf4 a5 19. bxa5 Rxa5 20. Rxa5 Nxa5 21. Nd4
g5 22. b4 Nc4 23. Bc1 d2 24. Bxf5 dxe1=Q+ 25. Qxe1 Qd5 26. e6 Qe5 27. exf7+
Kxf7 28. Be4 Re8 29. Nf3 Qe6 30. Nd4 Qe5 31. Nf3 Qe6 32. Nd4 1/2-1/2

[Event "European Team Championship 2015"]
[Site "Reykjavik ISL"]
[Date "2015.11.17"]
[Round "5"]
[White "Radjabov, Teimour"]
[Black "Grischuk, Alexander"]
[Result "1/2-1/2"]
[WhiteElo "2739"]
[BlackElo "2750"]
[PlyCount "85"]
[EventDate "2015.11.13"]
[WhiteTeam "Azerbaijan"]

1. Nf3 Nf6 2. c4 c5 3. Nc3 e6 4. e3 Nc6 5. d4 d5 6. cxd5 Nxd5 7. Bd3 cxd4 8.
exd4 Be7 9. O-O O-O 10. Re1 Bf6 11. Be4 Nce7 12. Ne5 Nc6 13. Qd3 h6 14. a3 Nde7
15. Bf4 Qxd4 16. Nxc6 bxc6 17. Qg3 Nf5 18. Qh3 Qb6 19. Rac1 e5 20. Bd2 Nd4 21.
Qg3 Qxb2 22. Bxh6 Nf5 23. Bxf5 Bxf5 24. Bg5 Bxg5 25. Qxg5 Bh7 26. Qxe5 Qxa3 27.
h4 Rad8 28. Ra1 Qd6 29. Rxa7 Qxe5 30. Rxe5 Rfe8 31. Rxe8+ Rxe8 32. Rc7 Be4 33.
f3 Bd5 34. Kf2 g6 35. Nxd5 cxd5 36. Rd7 Re5 37. f4 Re4 38. Kf3 Rd4 39. Ke3 Rd1
40. Ke2 Rd4 41. Ke3 Rd1 42. Ke2 Rd4 43. Ke3 1/2-1/2

[Event "European Team Championship 2015"]
[Site "Reykjavik ISL"]
[Date "2015.11.17"]
[Round "5"]
[White "Nepomniachtchi, Ian"]
[Black "Naiditsch, Arkadij"]
[Result "1/2-1/2"]
[WhiteElo "2705"]
[BlackElo "2689"]
[PlyCount "119"]
[EventDate "2015.11.13"]
[WhiteTeam "Russia"]
[BlackTeam "Azerbaijan"]

1. c4 e5 2. Nc3 Nf6 3. Nf3 Nc6 4. g3 Nd4 5. Bg2 Nxf3+ 6. Bxf3 Bc5 7. Na4 Be7 8.
Qb3 c6 9. O-O d5 10. cxd5 cxd5 11. d3 h6 12. Nc3 Be6 13. Qxb7 O-O 14. Qa6 Rb8
15. Qa4 Qc7 16. Qd1 Rfc8 17. d4 e4 18. Bg2 Rb4 19. Na4 Bd7 20. Nc5 Bxc5 21.
dxc5 Qxc5 22. b3 Qc2 23. Be3 a5 24. Bd4 a4 25. Bxf6 Qxd1 26. Rfxd1 gxf6 27.
Rxd5 Be6 28. Ra5 axb3 29. axb3 Bxb3 30. Rf5 Kg7 31. Rf4 Bd5 32. Rd1 Bb7 33. h4
Rc5 34. g4 Bc8 35. Bh3 Be6 36. Kh2 Rcc4 37. e3 Ra4 38. Kg3 Rcb4 39. Rc1 Kg6 40.
Rc5 Rc4 41. h5+ Kg7 42. Rxc4 Rxc4 43. Bf1 Rb4 44. Bd3 f5 45. gxf5 Bxf5 46. Bc4
Rxc4 47. Rxf5 Rb4 48. Kg4 Ra4 49. Rf4 Ra5 50. Rf5 Ra4 51. Kh4 Ra1 52. Kg3 Ra4
53. Kf4 Rb4 54. Ke5 Ra4 55. Kd5 Rb4 56. Ke5 Ra4 57. Kf4 Rb4 58. Re5 Rb2 59. Kg3
Rb4 60. Rf5 1/2-1/2

[Event "European Team Championship 2015"]
[Site "Reykjavik ISL"]
[Date "2015.11.17"]
[Round "5"]
[White "Safarli, Eltaj"]
[Black "Jakovenko, Dmitry"]
[Result "1/2-1/2"]
[WhiteElo "2657"]
[BlackElo "2735"]
[PlyCount "80"]
[EventDate "2015.11.13"]
[WhiteTeam "Azerbaijan"]
[BlackTeam "Russia"]

1. e4 e5 2. Nf3 Nc6 3. Nc3 Nf6 4. Bb5 Bb4 5. O-O O-O 6. d3 d6 7. Ne2 Ne7 8. c3
Ba5 9. Ng3 c6 10. Ba4 Ng6 11. d4 Re8 12. Bc2 Bb6 13. h3 d5 14. Nxe5 Nxe5 15.
dxe5 Nxe4 16. Nxe4 dxe4 17. Qxd8 Bxd8 18. Bf4 Bc7 19. Bxe4 Bxe5 20. Bxe5 Rxe5
21. Rfe1 g6 22. f4 Re8 23. Bc2 Rxe1+ 24. Rxe1 Be6 25. a3 Rd8 26. Rd1 Rxd1+ 27.
Bxd1 c5 28. Kf2 f5 29. Ke3 Kf7 30. h4 Kf6 31. Bf3 b6 32. g3 h6 33. Bc6 g5 34.
hxg5+ hxg5 35. Bf3 Bf7 36. Be2 Be6 37. Bf3 Bf7 38. Be2 Be6 39. Bf3 Bf7 40. Be2
Be6 1/2-1/2

[Event "European Team Championship 2015"]
[Site "Reykjavik ISL"]
[Date "2015.11.17"]
[Round "5"]
[White "Leko, Peter"]
[Black "Ivanchuk, Vassily"]
[Result "1/2-1/2"]
[WhiteElo "2708"]
[BlackElo "2720"]
[PlyCount "91"]
[EventDate "2015.11.13"]
[WhiteTeam "Hungary"]
[BlackTeam "Ukraine"]

1. e4 c5 2. Nf3 Nc6 3. d4 cxd4 4. Nxd4 Nf6 5. Nc3 g6 6. Nxc6 dxc6 7. Qxd8+ Kxd8
8. Bc4 Ke8 9. Bf4 Nd7 10. e5 Bg7 11. e6 fxe6 12. Bxe6 Rf8 13. Bd2 Nc5 14. Bxc8
Rxc8 15. f3 Rd8 16. O-O-O Bxc3 17. Bxc3 Rxd1+ 18. Rxd1 Ne6 19. Be5 Nf4 20. Rd2
Rf5 21. Bb8 a6 22. c4 b5 23. cxb5 axb5 24. Bxf4 Rxf4 25. Kc2 e6 26. Kc3 Rh4 27.
g3 Rc4+ 28. Kb3 Ke7 29. Rc2 Rxc2 30. Kxc2 c5 31. a3 Kd6 32. b3 g5 33. Kd3 Kd5
34. f4 gxf4 35. gxf4 Kc6 36. Ke4 Kd6 37. h3 Kd7 38. Kd3 Kc6 39. Ke4 Kd6 40. h4
h5 41. Ke3 Kc7 42. Kd3 Kc6 43. Ke4 Kd6 44. Ke3 Kc7 45. Kd3 Kc6 46. Ke4 1/2-1/2

[Event "European Team Championship 2015"]
[Site "Reykjavik ISL"]
[Date "2015.11.17"]
[Round "5"]
[White "Eljanov, Pavel"]
[Black "Rapport, Richard"]
[Result "1-0"]
[WhiteElo "2753"]
[BlackElo "2693"]
[PlyCount "147"]
[EventDate "2015.11.13"]
[WhiteTeam "Ukraine"]
[BlackTeam "Hungary"]

1. d4 d5 2. Nf3 Bg4 3. Ne5 Bf5 4. c4 f6 5. Nf3 e6 6. Nc3 c6 7. g3 Bb4 8. Qb3 a5
9. a3 Bxc3+ 10. bxc3 Ne7 11. Bg2 Nd7 12. O-O a4 13. Qa2 Bg6 14. cxd5 exd5 15.
c4 O-O 16. cxd5 Nxd5 17. Nd2 Bf7 18. Qc2 Nc7 19. Bb2 Nb5 20. e4 Re8 21. Rfe1
Nb6 22. Qc5 Nd7 23. Qc2 Nb6 24. Qc5 Nd7 25. Qb4 Nb8 26. d5 Qe7 27. Qxe7 Rxe7
28. Nc4 Nd7 29. Rac1 cxd5 30. exd5 Rxe1+ 31. Rxe1 Kf8 32. Ne3 Rc8 33. Bh3 Rc7
34. Rb1 Nd6 35. Bd4 Bg6 36. Rb4 Nc5 37. Bf1 Nd3 38. Rxa4 Rc1 39. Kg2 Be4+ 40.
f3 Ne1+ 41. Kf2 Bxf3 42. Bb2 Rb1 43. Bc3 Ne4+ 44. Rxe4 Bxe4 45. Bxe1 Rb2+ 46.
Kg1 Rb1 47. Bb4+ Kf7 48. Kf2 Rb2+ 49. Ke1 Rb1+ 50. Kd2 Bxd5 51. Bd3 Rb2+ 52.
Bc2 Be6 53. Nd1 Ra2 54. Nc3 Ra1 55. Bb1 f5 56. Kc1 Kg6 57. Kb2 Rxb1+ 58. Kxb1
Kh5 59. Ne2 g5 60. Kc1 Kg4 61. Kd2 Kh3 62. Be7 h6 63. Bf8 Kxh2 64. Bxh6 Bc4 65.
Bxg5 Bxe2 66. Kxe2 Kxg3 67. Ke3 Kg4 68. Bf4 b5 69. Be5 f4+ 70. Bxf4 Kf5 71. Kd4
Kxf4 72. Kc5 Ke5 73. Kxb5 Kd6 74. Kb6 1-0

[Event "European Team Championship 2015"]
[Site "Reykjavik ISL"]
[Date "2015.11.17"]
[Round "5"]
[White "Almasi, Zoltan"]
[Black "Kryvoruchko, Yuriy"]
[Result "1/2-1/2"]
[WhiteElo "2689"]
[BlackElo "2717"]
[PlyCount "94"]
[EventDate "2015.11.13"]
[WhiteTeam "Hungary"]
[BlackTeam "Ukraine"]

1. d4 Nf6 2. Nf3 e6 3. c4 d5 4. g3 Be7 5. Bg2 O-O 6. O-O dxc4 7. Qc2 a6 8. a4
Bd7 9. Qxc4 Bc6 10. Bg5 Bd5 11. Qc2 Be4 12. Qd1 h6 13. Bxf6 Bxf6 14. Nc3 Bg6
15. a5 Nd7 16. Qb3 Rb8 17. Rfd1 Qe8 18. Qc4 c6 19. Nd2 Be7 20. b4 Nf6 21. e4 b5
22. Qb3 Rd8 23. Ne2 Qd7 24. Qc3 Qa7 25. f3 e5 26. Nb3 Nd7 27. Kh1 f6 28. dxe5
fxe5 29. f4 Bf7 30. fxe5 Nxe5 31. Qxe5 Rxd1+ 32. Rxd1 Bxb3 33. Rc1 Bc4 34. Rxc4
bxc4 35. Qe6+ Rf7 36. Qxc4 Qf2 37. h4 Bxb4 38. e5 Bxa5 39. Bxc6 Kh8 40. Bg2 Bb6
41. Qxa6 Qc5 42. e6 Ra7 43. Qd3 Ra2 44. Kh2 Bc7 45. Qe4 Qe7 46. Kh3 Ra3 47. Bf3
Rxf3 1/2-1/2

[Event "European Team Championship 2015"]
[Site "Reykjavik ISL"]
[Date "2015.11.17"]
[Round "5"]
[White "Korobov, Anton"]
[Black "Berkes, Ferenc"]
[Result "1/2-1/2"]
[WhiteElo "2709"]
[BlackElo "2648"]
[PlyCount "222"]
[EventDate "2015.11.13"]
[WhiteTeam "Ukraine"]

1. d4 d5 2. c4 e6 3. Nc3 Nf6 4. Bg5 Be7 5. e3 O-O 6. Nf3 h6 7. Bh4 b6 8. Be2
dxc4 9. Bxc4 Bb7 10. O-O Nbd7 11. Rc1 c5 12. dxc5 Nxc5 13. Qe2 a6 14. Rfd1 Qe8
15. Ne5 b5 16. Nxb5 Qb8 17. Bg3 axb5 18. Ng6 fxg6 19. Bxb8 bxc4 20. Bg3 Rxa2
21. Ra1 Rfa8 22. Rxa2 Rxa2 23. Qxc4 Rxb2 24. Qd4 Rc2 25. Bd6 Bxd6 26. Qxd6 Kh7
27. f3 Nd5 28. e4 Ne3 29. Rd2 Rc1+ 30. Kf2 Ng4+ 31. Kg3 Nf6 32. Qd4 e5 33. Qb2
Rc3 34. Kf2 Rb3 35. Qc2 Rc3 36. Qb2 Rb3 37. Qc2 Ncxe4+ 38. fxe4 Nxe4+ 39. Ke1
Nxd2 40. Kxd2 Bd5 41. Qc5 Bxg2 42. Qxe5 Rf3 43. Qe2 Ra3 44. Ke1 Bd5 45. Qe5 Ba8
46. Ke2 Rh3 47. Ke1 Rf3 48. h4 Rf5 49. Qg3 Bf3 50. Qd6 Bh5 51. Qe7 Rf4 52. Qd8
Rf6 53. Qd4 Rf3 54. Qe4 Rf8 55. Qd4 Rf5 56. Qe4 Bf3 57. Qd4 Bc6 58. Ke2 g5 59.
hxg5 Rxg5 60. Qd3+ Rg6 61. Qf5 Be8 62. Qe4 Bf7 63. Qf5 Be6 64. Qe4 h5 65. Kf2
Bg4 66. Qe7 Re6 67. Qd8 Kg6 68. Qd3+ Bf5 69. Qg3+ Kh7 70. Qg5 Bg6 71. Kg3 Ra6
72. Kh2 Ra2+ 73. Kh3 Ra3+ 74. Kh2 Ra1 75. Qf4 Re1 76. Qg5 Re4 77. Kh3 Rg4 78.
Qe5 Rg1 79. Kh2 Rf1 80. Qg5 Rf5 81. Qd8 Bf7 82. Qd3 Bg6 83. Qd8 Re5 84. Kh3
Bf5+ 85. Kh4 Bg4 86. Qc7 Rd5 87. Qf7 Rf5 88. Qc7 Kh6 89. Qb6+ g6 90. Qd6 Bf3
91. Kg3 Bd5 92. Qd8 Kh7 93. Qd7+ Bf7 94. Kg2 Rf4 95. Qc7 g5 96. Qe7 Kg6 97.
Qd6+ Rf6 98. Qd3+ Kh6 99. Qd8 Rf4 100. Qd6+ Bg6 101. Kg1 h4 102. Qd8 Kh5 103.
Qh8+ Kg4 104. Qd8 Kh3 105. Qd5 Rg4+ 106. Kf2 Rf4+ 107. Kg1 Kg4 108. Qd1+ Kf5
109. Qd7+ Kf6 110. Qd8+ Kf5 111. Qd7+ Kf6 1/2-1/2

[Event "European Team Championship 2015"]
[Site "Reykjavik ISL"]
[Date "2015.11.17"]
[Round "5"]
[White "Vallejo Pons, Francisco"]
[Black "Vachier-Lagrave, Maxime"]
[Result "0-1"]
[WhiteElo "2684"]
[BlackElo "2765"]
[PlyCount "70"]
[EventDate "2015.11.13"]
[WhiteTeam "Spain"]
[BlackTeam "France"]

1. e4 c5 2. Nf3 d6 3. d4 cxd4 4. Nxd4 Nf6 5. Nc3 a6 6. Be3 Ng4 7. Bc1 Nf6 8.
Be3 Ng4 9. Bg5 h6 10. Bh4 g5 11. Bg3 Bg7 12. h4 Nc6 13. Nxc6 bxc6 14. Bc4 Qa5
15. Qf3 Ne5 16. Bxe5 Qxe5 17. Bxf7+ Kd8 18. hxg5 Rb8 19. Bb3 Rf8 20. Qe3 Qxg5
21. Qxg5 hxg5 22. f3 g4 23. Ke2 a5 24. Na4 Ba6+ 25. c4 Rb4 26. Rac1 gxf3+ 27.
gxf3 Bd4 28. Rc2 c5 29. Rh2 Rg8 30. Rc1 Bc8 31. Nc3 Be6 32. Kd3 Rg3 33. Ke2
Bxc4+ 34. Kd2 Rxf3 35. Bxc4 Rxb2+ 0-1

[Event "European Team Championship 2015"]
[Site "Reykjavik ISL"]
[Date "2015.11.17"]
[Round "5"]
[White "Fressinet, Laurent"]
[Black "Anton Guijarro, David"]
[Result "1/2-1/2"]
[WhiteElo "2712"]
[BlackElo "2630"]
[PlyCount "71"]
[EventDate "2015.11.13"]
[WhiteTeam "France"]
[BlackTeam "Spain"]

1. d4 f5 2. Nf3 Nf6 3. c4 g6 4. Nc3 Bg7 5. Bf4 O-O 6. e3 d6 7. Be2 c5 8. dxc5
dxc5 9. Qxd8 Rxd8 10. Ne5 Ne4 11. Nxe4 fxe4 12. O-O Bf5 13. Rad1 Na6 14. a3 g5
15. Bg3 Rd6 16. f4 Bxe5 17. fxe5 Rxd1 18. Rxd1 Kf7 19. e6+ Bxe6 20. Bh5+ Kg7
21. Be5+ Kh6 22. Be2 Rc8 23. Kf2 Nb8 24. h4 Nd7 25. hxg5+ Kxg5 26. Bf4+ Kg6 27.
g4 h6 28. Kg3 Rh8 29. b4 b6 30. b5 Nf6 31. Rh1 Ne8 32. Be5 Rg8 33. Bf4 Rh8 34.
Be5 Rg8 35. Bf4 Rh8 36. Be5 1/2-1/2

[Event "European Team Championship 2015"]
[Site "Reykjavik ISL"]
[Date "2015.11.17"]
[Round "5"]
[White "Nisipeanu, Liviu-Dieter"]
[Black "Adams, Michael"]
[Result "1/2-1/2"]
[WhiteElo "2683"]
[BlackElo "2744"]
[PlyCount "45"]
[EventDate "2015.11.13"]
[WhiteTeam "Germany"]
[BlackTeam "England"]

1. d4 Nf6 2. c4 e6 3. Nf3 d5 4. Nc3 Be7 5. Bg5 h6 6. Bxf6 Bxf6 7. Qc2 dxc4 8.
e3 c5 9. dxc5 Qa5 10. Bxc4 Nd7 11. c6 Nb6 12. Bb3 bxc6 13. O-O Bxc3 14. bxc3
O-O 15. Qe4 Qxc3 16. Rfc1 Qf6 17. Ne5 Bb7 18. Bc2 g6 19. Nd3 Ba6 20. Nb4 Bb7
21. Nd3 Ba6 22. Nb4 Bb7 23. Nd3 1/2-1/2

[Event "European Team Championship 2015"]
[Site "Reykjavik ISL"]
[Date "2015.11.17"]
[Round "5"]
[White "Carlsen, Magnus"]
[Black "Pelletier, Yannick"]
[Result "0-1"]
[WhiteElo "2850"]
[BlackElo "2566"]
[PlyCount "118"]
[EventDate "2015.11.13"]
[WhiteTeam "Norway"]
[BlackTeam "Switzerland"]

1. c4 Nf6 2. Nc3 c5 3. Nf3 e6 4. g3 b6 5. Bg2 Bb7 6. O-O Be7 7. b3 O-O 8. Bb2
d6 9. d4 cxd4 10. Nxd4 Bxg2 11. Kxg2 Qc8 12. e4 Nc6 13. Rc1 Nxd4 14. Qxd4 Qb7
15. Rfd1 a6 16. Ba3 Rfd8 17. Qd3 Rd7 18. Qf3 Bf8 19. Rd4 d5 20. Bxf8 dxe4 21.
Nxe4 Kxf8 22. Rxd7 Nxd7 23. c5 bxc5 24. Nxc5 Qxf3+ 25. Kxf3 Nb6 26. Ke4 Ke7 27.
f4 a5 28. Nd3 Nd5 29. Rc5 Kd6 30. Kd4 f6 31. a4 Ne7 32. Rb5 Kc6 33. b4 Nf5+ 34.
Kc3 axb4+ 35. Kxb4 Nd4 36. Rh5 h6 37. Rc5+ Kb6 38. Rc4 Nc6+ 39. Kc3 Rd8 40. Re4
Rd6 41. Re2 Ne7 42. Rb2+ Kc6 43. Rb8 Nd5+ 44. Kb3 Kc7 45. Rg8 Ne7 46. Rxg7
Rxd3+ 47. Kc4 Rd7 48. Rf7 f5 49. Rf6 Kd6 50. Rxh6 Rc7+ 51. Kb3 Nd5 52. Rh8 Rc3+
53. Kb2 Re3 54. a5 Kc5 55. h4 Rxg3 56. h5 Rh3 57. h6 Nf6 58. a6 Kb6 59. Rd8 Ne4
0-1

[Event "European Team Championship 2015"]
[Site "Reykjavik ISL"]
[Date "2015.11.17"]
[Round "5"]
[White "Solak, Dragan"]
[Black "Wojtaszek, Radoslaw"]
[Result "1/2-1/2"]
[WhiteElo "2628"]
[BlackElo "2748"]
[PlyCount "109"]
[EventDate "2015.11.13"]
[WhiteTeam "Turkey"]
[BlackTeam "Poland"]

1. e4 e5 2. Nf3 Nc6 3. Bb5 a6 4. Bxc6 dxc6 5. O-O Bd6 6. d4 exd4 7. Qxd4 f6 8.
Be3 Ne7 9. Nbd2 Be6 10. Qc3 Qd7 11. Nc4 Bxc4 12. Qxc4 Ng6 13. Nd4 Ne5 14. Qb3
O-O-O 15. Nf5 g6 16. Nxd6+ Qxd6 17. h3 g5 18. Rae1 b6 19. f4 gxf4 20. Bxf4 Kb7
21. Qc3 Rhg8 22. Re2 Qe6 23. b3 c5 24. Bxe5 fxe5 25. Qf3 c4 26. Qf6 Qd7 27.
Qxe5 Qxh3 28. Qf5 Qc3 29. e5 Qd4+ 30. Kh2 Rg6 31. Rf3 Re8 32. Qe4+ Qxe4 33.
Rxe4 cxb3 34. cxb3 Re7 35. Rh3 Kc6 36. Rh5 Kd5 37. Re2 c5 38. Kh3 h6 39. Re1
Ree6 40. Rd1+ Ke4 41. Re1+ Kd4 42. Rd1+ Kc3 43. Rf5 b5 44. Rc1+ Kd4 45. Rd1+
Ke4 46. g4 c4 47. bxc4 bxc4 48. Kg3 Rc6 49. e6 Rgxe6 50. Rf4+ Ke5 51. Rf5+ Ke4
52. Rf2 Ke5 53. Rf5+ Ke4 54. Rf2 Ke5 55. Rf5+ 1/2-1/2

[Event "European Team Championship 2015"]
[Site "Reykjavik ISL"]
[Date "2015.11.17"]
[Round "5"]
[White "Navara, David"]
[Black "Lupulescu, Constantin"]
[Result "1/2-1/2"]
[WhiteElo "2730"]
[BlackElo "2631"]
[PlyCount "80"]
[EventDate "2015.11.13"]
[WhiteTeam "Czech Republic"]
[BlackTeam "Romania"]

1. d4 Nf6 2. c4 e6 3. Nc3 Bb4 4. Qc2 O-O 5. Nf3 c5 6. dxc5 Na6 7. g3 Nxc5 8.
Bg2 b6 9. O-O Bb7 10. Nb5 Be4 11. Qd1 Nb7 12. a3 Be7 13. Bf4 Bc6 14. b4 a5 15.
Qb3 axb4 16. axb4 Bxb5 17. cxb5 Rxa1 18. Rxa1 Nd5 19. Ne5 Nxf4 20. gxf4 f6 21.
Nxd7 Qxd7 22. Ra7 Rb8 23. f5 Kf8 24. Bc6 Qd6 25. Bxb7 Qc7 26. Qg3 Qxg3+ 27.
hxg3 exf5 28. e4 fxe4 29. Bxe4 g6 30. Kg2 f5 31. Bc6 Kf7 32. f4 Ke6 33. Ra8
Rxa8 34. Bxa8 Bxb4 35. Kf3 h6 36. Bc6 g5 37. fxg5 hxg5 38. g4 fxg4+ 39. Kxg4
Kf6 40. Bb7 Bc5 1/2-1/2

[Event "European Team Championship 2015"]
[Site "Reykjavik ISL"]
[Date "2015.11.19"]
[Round "6"]
[White "Jobava, Baadur"]
[Black "Grischuk, Alexander"]
[Result "1/2-1/2"]
[WhiteElo "2668"]
[BlackElo "2750"]
[PlyCount "80"]
[EventDate "2015.11.13"]
[WhiteTeam "Georgia"]

1. d4 Nf6 2. c4 g6 3. Nf3 Bg7 4. g3 c5 5. Bg2 cxd4 6. Nxd4 O-O 7. Nc3 Qc7 8.
Qd3 Nc6 9. Bf4 d6 10. Nxc6 bxc6 11. O-O Be6 12. Rac1 Nd7 13. b4 Ne5 14. Bxe5
Bxe5 15. b5 Bd7 16. c5 Rac8 17. bxc6 Bxc6 18. Bxc6 Qxc6 19. Nd5 Rfe8 20. Nxe7+
Rxe7 21. cxd6 Qxc1 22. Rxc1 Rxc1+ 23. Kg2 Bxd6 24. Qxd6 Rxe2 25. Qb8+ Kg7 26.
Qxa7 Rc4 27. h4 h5 28. a3 Ree4 29. Qb6 Ra4 30. Qb2+ Kg8 31. Qb8+ Kg7 32. Qb2+
Kg8 33. Qb8+ Kg7 34. Qb2+ Kg8 35. Qb8+ Kg7 36. Qb2+ Kg8 37. Qb8+ Kg7 38. Qb2+
Kg8 39. Qb8+ Kg7 40. Qb2+ Kg8 1/2-1/2

[Event "European Team Championship 2015"]
[Site "Reykjavik ISL"]
[Date "2015.11.19"]
[Round "6"]
[White "Tomashevsky, Evgeny"]
[Black "Mchedlishvili, Mikheil"]
[Result "1-0"]
[WhiteElo "2743"]
[BlackElo "2618"]
[PlyCount "67"]
[EventDate "2015.11.13"]
[WhiteTeam "Russia"]
[BlackTeam "Georgia"]

1. c4 c6 2. Nf3 d5 3. d4 Nf6 4. Nc3 dxc4 5. a4 e6 6. e3 c5 7. Bxc4 Nc6 8. O-O
cxd4 9. exd4 Be7 10. Qe2 O-O 11. Rd1 Nb4 12. Bg5 h6 13. Bxf6 Bxf6 14. Ne4 b6
15. Ne5 Bh4 16. Ra3 Bb7 17. Rh3 Bd5 18. Nc3 Bxc4 19. Qxc4 Be7 20. Qe2 Rc8 21.
Qg4 Kh7 22. Rg3 Bf6 23. Ne4 Rc7 24. h4 Qe7 25. Kh2 Nd5 26. Nxf6+ Qxf6 27. Rdd3
Ne7 28. Rgf3 Nf5 29. g3 Kg8 30. Qf4 Rd8 31. d5 Rc2 32. Nxf7 Rf8 33. dxe6 Rc5
34. b4 1-0

[Event "European Team Championship 2015"]
[Site "Reykjavik ISL"]
[Date "2015.11.19"]
[Round "6"]
[White "Jakovenko, Dmitry"]
[Black "Paichadze, Luka"]
[Result "1-0"]
[WhiteElo "2735"]
[BlackElo "2573"]
[PlyCount "103"]
[EventDate "2015.11.13"]
[WhiteTeam "Russia"]
[BlackTeam "Georgia"]

1. e4 c6 2. Nc3 d5 3. Nf3 Bg4 4. h3 Bxf3 5. Qxf3 e6 6. Qg3 Nd7 7. d4 dxe4 8.
Nxe4 Ndf6 9. Nxf6+ gxf6 10. c3 Ne7 11. Qf3 f5 12. Bc4 Ng6 13. g3 Qc7 14. Be3
O-O-O 15. O-O-O Bd6 16. Kb1 Rdg8 17. Bg5 Be7 18. Bh6 Bf8 19. Bc1 h5 20. Bb3 h4
21. g4 fxg4 22. hxg4 Bd6 23. Bc2 Kb8 24. g5 Rg7 25. Qf6 Rhg8 26. Rdg1 Bf4 27.
Be3 Bxe3 28. fxe3 Qe7 29. Rh3 Qxf6 30. gxf6 Rh7 31. Rg5 Rh6 32. e4 Rgh8 33. e5
Kc7 34. Rg4 Kd7 35. Kc1 Ke8 36. Kd2 Nf8 37. b4 Nd7 38. c4 Rh5 39. Be4 Kf8 40.
Kc3 Nb6 41. Kb3 Rg8 42. Rxg8+ Kxg8 43. a4 Nd7 44. a5 a6 45. b5 cxb5 46. cxb5
Nxe5 47. dxe5 Rxe5 48. Bd3 Rd5 49. Bc4 Rf5 50. bxa6 bxa6 51. Kb4 Rf4 52. Kc5
1-0